[Event "FICGS class F 000177 email"]
[Site "FICGS email"]
[Date "2016.04.19"]
[Round "1"]
[White "Belaz, Egidio"]
[Black "Salinas, Loreva"]
[Result "1-0"]
[WhiteElo "1289"]
[BlackElo "803"]
[PlyCount "37"]
[EventDate "2016.??.??"]
[EventType "tourn (corr)"]
[EventRounds "5"]
[SourceTitle "Corr 2022"]
[Source "ChessBase"]
[SourceDate "2021.10.24"]
[SourceVersion "1"]
[SourceVersionDate "2021.10.24"]
[SourceQuality "1"]

1. e4 e6 2. Nf3 Qf6 3. Bc4 d5 4. exd5 Qg6 5. dxe6 Bxe6 6. Ne5 Qe4+ 7. Qe2 Qxc2 8. Bxe6 Qxc1+ 9. Qd1 Qxb2 10. Bxf7+ Ke7 11. Nc3 Nc6 12. Nxc6+ bxc6 13. Bb3 Qa3 14. 0-0 Kd7 15. Qg4+ Kd8 16. Qd4+ Qd6 17. Qh4+ Nf6 18. Ne4 Qd4 19. Nc3 1-0

[Event "FICGS rapid E 000172 email"]
[Site "FICGS email"]
[Date "2016.04.17"]
[Round "1"]
[White "Belaz, Egidio"]
[Black "Bromo, Alexis"]
[Result "1-0"]
[WhiteElo "1289"]
[BlackElo "1088"]
[PlyCount "23"]
[EventDate "2016.??.??"]
[EventType "tourn (rapid)"]
[EventRounds "6"]
[SourceTitle "Corr 2022"]
[Source "ChessBase"]
[SourceDate "2021.10.24"]
[SourceVersion "1"]
[SourceVersionDate "2021.10.24"]
[SourceQuality "1"]

1. e4 e5 2. f4 d6 3. Nf3 a6 4. fxe5 dxe5 5. Nxe5 Qe7 6. Nf3 Qxe4+ 7. Be2 Nf6 8. 0-0 Bc5+ 9. d4 Bd6 10. Nc3 Qg6 11. Bd3 Bf5 12. Nh4 1-0

[Event "FICGS rapid E 000172 email"]
[Site "FICGS email"]
[Date "2016.04.17"]
[Round "1"]
[White "Salinas, Marcelo"]
[Black "Belaz, Egidio"]
[Result "0-1"]
[WhiteElo "1229"]
[BlackElo "1289"]
[PlyCount "56"]
[EventDate "2016.??.??"]
[EventType "tourn (rapid)"]
[EventRounds "6"]
[SourceTitle "Corr 2022"]
[Source "ChessBase"]
[SourceDate "2021.10.24"]
[SourceVersion "1"]
[SourceVersionDate "2021.10.24"]
[SourceQuality "1"]

1. e3 e6 2. Nc3 Nf6 3. Qf3 Nc6 4. a3 Ne5 5. Qf4 Bd6 6. Qa4 0-0 7. Ne4 Nxe4 8. Qxe4 Ng6 9. Nf3 Be7 10. g4 d5 11. Qd4 c5 12. Qc3 c4 13. d3 b5 14. Nd4 a6 15. Nc6 Qd7 16. Nxe7+ Qxe7 17. dxc4 dxc4 18. Bg2 Rb8 19. h4 Nxh4 20. Rh2 e5 21. e4 Bxg4 22. Qg3 Qf6 23. Qxh4 Qxh4 24. Rxh4 Be6 25. Rg4 Bxg4 26. Bg5 f6 27. Be3 Rfd8 28. f3 Be6 0-1

[Event "FICGS rapid E 000158 email"]
[Site "FICGS email"]
[Date "2015.09.10"]
[Round "1"]
[White "Neil, Charles"]
[Black "Belaz, Egidio"]
[Result "1-0"]
[WhiteElo "1060"]
[BlackElo "1263"]
[PlyCount "63"]
[EventDate "2015.??.??"]
[EventType "tourn (rapid)"]
[EventRounds "6"]
[SourceTitle "Corr 2022"]
[Source "ChessBase"]
[SourceDate "2021.10.24"]
[SourceVersion "1"]
[SourceVersionDate "2021.10.24"]
[SourceQuality "1"]

1. e4 c5 2. Nc3 Nc6 3. Nge2 e6 4. g3 Nf6 5. Bg2 b6 6. d3 Be7 7. h3 e5 8. Be3 Bb7 9. Qd2 a6 10. f4 Qc7 11. fxe5 Nxe5 12. Bf4 Bd6 13. 0-0-0 h6 14. Kb1 0-0-0 15. Rhf1 Ng6 16. Bf3 Bxf4 17. gxf4 Nh4 18. Bh1 Kb8 19. f5 d5 20. exd5 Bc8 21. Ne4 Rxd5 22. Nxf6 Rd6 23. Ne4 Rdd8 24. N4g3 g5 25. Ne4 Nxf5 26. Nf6 Nd6 27. Nc3 Bxh3 28. Rf3 Be6 29. Re1 Nc4 30. Qg2 Ne5 31. Rfe3 Ng6 32. Qa8# 1-0

[Event "FICGS rapid E 000155 email"]
[Site "FICGS email"]
[Date "2015.07.22"]
[Round "1"]
[White "Belaz, Egidio"]
[Black "Stoyanov, Zdravko"]
[Result "1-0"]
[WhiteElo "1195"]
[BlackElo "1124"]
[PlyCount "87"]
[EventDate "2015.??.??"]
[EventType "tourn (rapid)"]
[EventRounds "6"]
[SourceTitle "Corr 2022"]
[Source "ChessBase"]
[SourceDate "2021.10.24"]
[SourceVersion "1"]
[SourceVersionDate "2021.10.24"]
[SourceQuality "1"]

1. e4 c5 2. Bc4 e6 3. Nf3 h6 4. d4 cxd4 5. Nxd4 Qf6 6. Be3 Nc6 7. c3 Bc5 8. b4 Bxd4 9. cxd4 Nxb4 10. Qb3 a5 11. a3 Nc6 12. e5 Qe7 13. 0-0 a4 14. Qb5 Ra5 15. Qb2 Na7 16. Qd2 b6 17. Nc3 Nc6 18. Nb5 Kd8 19. Nd6 Ba6 20. Bxa6 Rxa6 21. Rfb1 Qh4 22. Nxf7+ Ke8 23. Nxh8 Nge7 24. Qd3 Qg4 25. Qxa6 Nf5 26. g3 Nh4 27. Qf1 Nf3+ 28. Kg2 Ncxd4 29. Bxd4 Nxd4 30. Qd3 Nf5 31. Rb4 Qg5 32. Kf1 Qh5 33. Rxb6 Qh3+ 34. Ke2 Qxh2 35. Rb8+ Ke7 36. g4 Qxe5+ 37. Kf1 Qxb8 38. Ng6+ Kd8 39. gxf5 e5 40. Re1 Qb2 41. Nxe5 Qb7 42. Nf7+ Kc8 43. Nd6+ Kb8 44. Nxb7 1-0

[Event "FICGS rapid E 000150 email"]
[Site "FICGS email"]
[Date "2015.04.29"]
[Round "1"]
[White "Stoyanov, Zdravko"]
[Black "Belaz, Egidio"]
[Result "1-0"]
[WhiteElo "1104"]
[BlackElo "1285"]
[PlyCount "87"]
[EventDate "2015.??.??"]
[EventType "tourn (rapid)"]
[EventRounds "6"]
[SourceTitle "Corr 2022"]
[Source "ChessBase"]
[SourceDate "2021.10.24"]
[SourceVersion "1"]
[SourceVersionDate "2021.10.24"]
[SourceQuality "1"]

1. e4 c5 2. Nf3 Nc6 3. Bb5 e5 4. Bxc6 bxc6 5. h3 Nf6 6. d3 Ba6 7. 0-0 Bd6 8. Re1 0-0 9. Be3 Qb6 10. Nc3 c4 11. Bxb6 axb6 12. a4 Bb4 13. Nxe5 d5 14. Nxc6 Bc5 15. Nxd5 Nxd5 16. exd5 cxd3 17. cxd3 Bd6 18. Nd4 Bc5 19. Nc6 h6 20. b4 Bd6 21. b5 Bb7 22. Qg4 Bc8 23. Qf3 Bb7 24. Ne7+ Kh8 25. Nf5 Bb4 26. Reb1 Bc3 27. Ra3 Bf6 28. Nd6 Rab8 29. Nxb7 Rxb7 30. d6 Rd7 31. Qc6 Rfd8 32. Qxb6 Rxd6 33. Qb7 R6d7 34. Qf3 Be7 35. Rab3 Bf6 36. a5 Bd4 37. b6 Rb8 38. a6 Bxb6 39. Rxb6 Rbd8 40. Rb7 Rxd3 41. Qxf7 Rg8 42. a7 Rdd8 43. Qxg8+ Rxg8 44. Rb8 1-0

[Event "FICGS rapid E 000141 email"]
[Site "FICGS email"]
[Date "2014.12.27"]
[Round "1"]
[White "Cavaille, Cedric"]
[Black "Belaz, Egidio"]
[Result "1-0"]
[WhiteElo "1102"]
[BlackElo "1238"]
[PlyCount "49"]
[EventDate "2014.??.??"]
[EventType "tourn (rapid)"]
[EventRounds "6"]
[SourceTitle "Corr 2022"]
[Source "ChessBase"]
[SourceDate "2021.10.24"]
[SourceVersion "1"]
[SourceVersionDate "2021.10.24"]
[SourceQuality "1"]

1. d4 d5 2. Nf3 Nc6 3. e3 Bf5 4. Bd3 Bg4 5. h3 Be6 6. 0-0 Nf6 7. Bb5 Bd7 8. c4 dxc4 9. Bxc4 e6 10. Nc3 a6 11. Bd2 Be7 12. Re1 b5 13. Bd3 b4 14. Ne4 a5 15. a3 Nxe4 16. Bxe4 0-0 17. axb4 axb4 18. Rxa8 Bc8 19. Bxc6 Qd6 20. Qa4 g6 21. Rc1 Kg7 22. Rb8 Rd8 23. Qa8 Bd7 24. Rxd8 Bxd8 25. Qxd8 1-0

[Event "FICGS rapid E 000141 email"]
[Site "FICGS email"]
[Date "2014.12.27"]
[Round "1"]
[White "Kehayov, Yulian"]
[Black "Belaz, Egidio"]
[Result "1/2-1/2"]
[WhiteElo "957"]
[BlackElo "1238"]
[PlyCount "135"]
[EventDate "2014.??.??"]
[EventType "tourn (rapid)"]
[EventRounds "6"]
[SourceTitle "Corr 2022"]
[Source "ChessBase"]
[SourceDate "2021.10.24"]
[SourceVersion "1"]
[SourceVersionDate "2021.10.24"]
[SourceQuality "1"]

1. e4 c5 2. Nf3 e6 3. d4 cxd4 4. Nxd4 Nf6 5. Bd3 e5 6. Nf3 Be7 7. 0-0 0-0 8. h3 d6 9. c4 Nc6 10. a3 Bd7 11. Nc3 a6 12. b4 b6 13. b5 axb5 14. cxb5 Na7 15. a4 Rc8 16. Bb2 h6 17. Nd5 Nxd5 18. exd5 Rb8 19. Be4 Bf6 20. Ra2 Nc8 21. Qe2 Ne7 22. Nd2 Bg5 23. Bc1 f5 24. Bb1 Nxd5 25. Bb2 Nf4 26. Qf3 e4 27. Qd1 Be6 28. Ra1 Nd5 29. Nc4 Nf6 30. Nxd6 Qc7 31. Ba2 Bxa2 32. Rxa2 Bf4 33. Nxf5 Qc5 34. Nh4 Bg5 35. Ng6 Rf7 36. h4 Be3 37. fxe3 Qxe3+ 38. Kh1 Qg3 39. Qe1 Qxg6 40. Bxf6 Rxf6 41. Rxf6 gxf6 42. Kh2 f5 43. Qg3 Qxg3+ 44. Kxg3 Kf7 45. Kf4 Kf6 46. Rd2 Ke6 47. g4 fxg4 48. Kxg4 Ke5 49. Rc2 Kd4 50. Rc6 e3 51. Rxh6 Kd3 52. Rd6+ Ke2 53. Re6 Rg8+ 54. Kf4 Rf8+ 55. Kg5 Kf3 56. h5 e2 57. Kg6 Kf2 58. Kg7 Rf3 59. Rxe2+ Kxe2 60. h6 Rg3+ 61. Kf6 Kd3 62. h7 Rh3 63. Kg7 Kc4 64. a5 Rxh7+ 65. Kxh7 Kxb5 66. axb6 Kxb6 67. Kg6 Kc5 68. Kf5 1/2-1/2

[Event "FICGS class E 000175 email"]
[Site "FICGS email"]
[Date "2014.10.13"]
[Round "1"]
[White "Belaz, Egidio"]
[Black "Barradas, Anderson"]
[Result "0-1"]
[WhiteElo "1247"]
[BlackElo "1446"]
[PlyCount "108"]
[EventDate "2014.??.??"]
[EventType "tourn (corr)"]
[EventRounds "5"]
[SourceTitle "Corr 2022"]
[Source "ChessBase"]
[SourceDate "2021.10.24"]
[SourceVersion "1"]
[SourceVersionDate "2021.10.24"]
[SourceQuality "1"]

1. e4 e5 2. Nf3 Nf6 3. Nc3 Nc6 4. Bc4 Bc5 5. 0-0 0-0 6. a3 a6 7. b4 Ba7 8. d3 d6 9. Bg5 h6 10. Bh4 g5 11. Bg3 Bg4 12. b5 axb5 13. Bb3 Nd4 14. Nd5 Nxf3+ 15. gxf3 Bh5 16. Kg2 c6 17. Ne3 Bd4 18. Ra2 Qb6 19. Qd2 b4 20. axb4 Rxa2 21. Nc4 Qa7 22. Nxd6 Ra1 23. Nf5 Kh7 24. Nxd4 Rxf1 25. Kxf1 Qxd4 26. Kg2 g4 27. f4 Nxe4 28. Qe1 Nxg3 29. hxg3 exf4 30. gxf4 Qxf4 31. Qe3 Qxb4 32. Qe5 Qb5 33. Qd6 Kg7 34. Qg3 c5 35. Qe5+ f6 36. Qxh5 Qc6+ 37. Bd5 Qd7 38. Be4 f5 39. Bf3 gxf3+ 40. Kxf3 Qd4 41. Kg2 Qg4+ 42. Qxg4+ fxg4 43. Kg3 h5 44. c3 Rf3+ 45. Kg2 h4 46. d4 Rxc3 47. dxc5 Rxc5 48. f3 Rc2+ 49. Kf1 gxf3 50. Kg1 h3 51. Kh1 b5 52. Kg1 b4 53. Kf1 h2 54. Ke1 h1Q# 0-1

[Event "FICGS class E 000175 email"]
[Site "FICGS email"]
[Date "2014.10.13"]
[Round "1"]
[White "Belaz, Egidio"]
[Black "Martinez Camacho, Victor Hugo"]
[Result "1-0"]
[WhiteElo "1247"]
[BlackElo "1301"]
[PlyCount "45"]
[EventDate "2014.??.??"]
[EventType "tourn (corr)"]
[EventRounds "5"]
[SourceTitle "Corr 2022"]
[Source "ChessBase"]
[SourceDate "2021.10.24"]
[SourceVersion "1"]
[SourceVersionDate "2021.10.24"]
[SourceQuality "1"]

1. e4 e5 2. Nf3 Nc6 3. Bc4 Nf6 4. Ng5 Bc5 5. Nxf7 Bxf2+ 6. Kxf2 Nxe4+ 7. Kg1 Qf6 8. Qf3 Nd6 9. b3 Nxc4 10. Nxh8 Nd6 11. Nc3 Nd4 12. Qh5+ Kf8 13. h3 Nxc2 14. Rb1 Nd4 15. Ba3 g6 16. Qh6+ Qg7 17. Qg5 Qxh8 18. Qd8+ Kg7 19. Qxc7 Qf8 20. Bxd6 Ne2+ 21. Nxe2 Qf5 22. Bxe5+ Kf7 23. Rf1 1-0

[Event "FICGS class E 000175 email"]
[Site "FICGS email"]
[Date "2014.10.13"]
[Round "1"]
[White "Belaz, Egidio"]
[Black "Todd, Daniel"]
[Result "1-0"]
[WhiteElo "1247"]
[BlackElo "1358"]
[PlyCount "47"]
[EventDate "2014.??.??"]
[EventType "tourn (corr)"]
[EventRounds "5"]
[SourceTitle "Corr 2022"]
[Source "ChessBase"]
[SourceDate "2021.10.24"]
[SourceVersion "1"]
[SourceVersionDate "2021.10.24"]
[SourceQuality "1"]

1. e4 Nf6 2. Nc3 d5 3. exd5 Nxd5 4. Bb5+ c6 5. Bc4 Bf5 6. Nf3 e6 7. 0-0 Be7 8. Nxd5 cxd5 9. Be2 Nc6 10. Bb5 0-0 11. d3 Qc7 12. c4 dxc4 13. Bxc4 Rfd8 14. Be3 Bf6 15. Rb1 Na5 16. Qe2 Nxc4 17. dxc4 Bxb1 18. Rxb1 Rac8 19. b3 Rd7 20. Bxa7 b6 21. Bxb6 Qxb6 22. h3 Rcd8 23. Qc2 Qb4 24. a3 1-0

[Event "FICGS rapid E 000131 email"]
[Site "FICGS email"]
[Date "2014.06.13"]
[Round "1"]
[White "Belaz, Egidio"]
[Black "Stoyanov, Zdravko"]
[Result "0-1"]
[WhiteElo "1223"]
[BlackElo "1110"]
[PlyCount "102"]
[EventDate "2014.??.??"]
[EventType "tourn (rapid)"]
[EventRounds "6"]
[SourceTitle "Corr 2022"]
[Source "ChessBase"]
[SourceDate "2021.10.24"]
[SourceVersion "1"]
[SourceVersionDate "2021.10.24"]
[SourceQuality "1"]

1. e4 c5 2. Nf3 a6 3. Bc4 e6 4. Nc3 Nc6 5. 0-0 Be7 6. a4 Nf6 7. Re1 h6 8. b3 e5 9. Nd5 Nxd5 10. Bxd5 Nb4 11. Bc4 d5 12. exd5 0-0 13. Nxe5 Bf6 14. Bb2 Bf5 15. d3 a5 16. Rb1 Na6 17. Bb5 Nc7 18. c4 Nxb5 19. axb5 Qc7 20. Qf3 Bh7 21. b6 Qd8 22. Rbd1 Re8 23. Qg3 a4 24. Ra1 axb3 25. Rab1 Qxb6 26. Nd7 Qd8 27. Nxc5 Rxe1+ 28. Rxe1 Bxb2 29. Nxb3 Qd7 30. Nc5 Qc8 31. Ne4 Ra3 32. Nd6 Qd7 33. Nb5 Ra8 34. Qe3 Bf6 35. g3 Bf5 36. d6 b6 37. Qxb6 Bxd3 38. Qc5 Ra5 39. Qd5 Kh7 40. Qxd3+ Kg8 41. Qd2 Ra4 42. Qc2 Ra8 43. Qe4 Rd8 44. Qd5 Rb8 45. Nc7 Bc3 46. Re7 Qh3 47. Qxf7+ Kh8 48. Nb5 Ra8 49. Ra7 Rd8 50. Qc7 Re8 51. d7 Re1# 0-1

[Event "FICGS rapid E 000127 email"]
[Site "FICGS email"]
[Date "2014.04.11"]
[Round "1"]
[White "Bromo, Alexis"]
[Black "Belaz, Egidio"]
[Result "0-1"]
[WhiteElo "1147"]
[BlackElo "1106"]
[PlyCount "90"]
[EventDate "2014.??.??"]
[EventType "tourn (rapid)"]
[EventRounds "6"]
[SourceTitle "Corr 2022"]
[Source "ChessBase"]
[SourceDate "2021.10.24"]
[SourceVersion "1"]
[SourceVersionDate "2021.10.24"]
[SourceQuality "1"]

1. d4 e6 2. a3 Nf6 3. c4 Be7 4. Nc3 0-0 5. Nf3 d5 6. e3 c6 7. c5 b6 8. b4 b5 9. a4 a6 10. a5 Ne4 11. Nxe4 dxe4 12. Ne5 f6 13. Nc4 bxc4 14. Bxc4 f5 15. Bb2 Bb7 16. Bxe6+ Kh8 17. Qh5 Bc8 18. Bxc8 Qxc8 19. Rd1 Bf6 20. 0-0 Qe6 21. f4 Qb3 22. Rb1 Qxe3+ 23. Kh1 Bxd4 24. Bxd4 Qxd4 25. Rfd1 Qf6 26. Rd6 Qe7 27. Re1 Qc7 28. Red1 Ra7 29. Qxf5 Qf7 30. Qxf7 Raxf7 31. g3 Re7 32. Rd8 Ref7 33. Rxf8+ Rxf8 34. Kg2 h6 35. Kf2 Re8 36. Ke3 Kh7 37. Rd4 Kg6 38. Rxe4 Rf8 39. g4 Nd7 40. Re6+ Rf6 41. f5+ Kf7 42. Ke4 Rxe6+ 43. fxe6+ Kxe6 44. h4 g5 45. h5 Ne5 0-1

[Event "FICGS rapid E 000124 email"]
[Site "FICGS email"]
[Date "2014.02.09"]
[Round "1"]
[White "Belaz, Egidio"]
[Black "Pech, Jaroslav Sr"]
[Result "1-0"]
[WhiteElo "1196"]
[BlackElo "965"]
[PlyCount "29"]
[EventDate "2014.??.??"]
[EventType "tourn (rapid)"]
[EventRounds "6"]
[SourceTitle "Corr 2022"]
[Source "ChessBase"]
[SourceDate "2021.10.24"]
[SourceVersion "1"]
[SourceVersionDate "2021.10.24"]
[SourceQuality "1"]

1. e4 e5 2. f4 Bc5 3. d3 d6 4. Nf3 Nf6 5. fxe5 dxe5 6. Nxe5 Qd4 7. Qd2 Qxe5 8. Qf4 Qe7 9. Nc3 Nc6 10. Be3 Bd6 11. Qg5 Be5 12. Bd2 h6 13. Qe3 Ng4 14. Qe2 Nd4 15. Qd1 1-0

[Event "FICGS rapid E 000124 email"]
[Site "FICGS email"]
[Date "2014.02.09"]
[Round "1"]
[White "Belaz, Egidio"]
[Black "Stoyanov, Zdravko"]
[Result "1-0"]
[WhiteElo "1196"]
[BlackElo "1212"]
[PlyCount "135"]
[EventDate "2014.??.??"]
[EventType "tourn (rapid)"]
[EventRounds "6"]
[SourceTitle "Corr 2022"]
[Source "ChessBase"]
[SourceDate "2021.10.24"]
[SourceVersion "1"]
[SourceVersionDate "2021.10.24"]
[SourceQuality "1"]

1. e4 c5 2. Bc4 a6 3. Nf3 Nc6 4. Ng5 e6 5. d3 Be7 6. Nf3 h6 7. 0-0 Nf6 8. Bf4 0-0 9. Re1 e5 10. Nxe5 Nxe5 11. Bxe5 d6 12. Bg3 Qb6 13. Bb3 Re8 14. Na3 Bd7 15. Nc4 Qc7 16. e5 dxe5 17. Bxe5 Qc6 18. Na5 Qb6 19. Nc4 Qc6 20. Bc3 Nd5 21. Ne5 Qd6 22. Nc4 Qg6 23. Ne5 Qd6 24. Qh5 Be6 25. Bd2 Nf6 26. Qd1 Bg4 27. Nxg4 Nxg4 28. Qxg4 b5 29. a4 b4 30. Qf3 Bf6 31. Rxe8+ Rxe8 32. Qg4 Bxb2 33. Rb1 Be5 34. g3 Qf6 35. Be3 Bd6 36. Bc4 a5 37. Bb5 Re6 38. Rd1 Kf8 39. Bc4 Re8 40. Qd7 Rd8 41. Qg4 Be5 42. Bxc5+ Kg8 43. d4 Bc7 44. Re1 g6 45. Re4 h5 46. Qe2 Qc6 47. Bb5 Qf6 48. Be7 Qf5 49. Bxd8 Bxd8 50. Re8+ Kg7 51. Rxd8 Kf6 52. Rg8 Qd5 53. Qc4 Qf3 54. Rf8 Kg7 55. d5 Kxf8 56. d6 Qd1+ 57. Qf1 Qxd6 58. Qe2 Kg7 59. Bc4 Qc5 60. Bb3 f5 61. Qc4 Qe7 62. Qd5 Kh6 63. Qf3 h4 64. g4 fxg4 65. Qxg4 g5 66. Qf5 Kh5 67. Bf7+ Kh6 68. Qg6# 1-0

[Event "FICGS class E 000170 email"]
[Site "FICGS email"]
[Date "2013.12.05"]
[Round "1"]
[White "Belaz, Egidio"]
[Black "Selalmazidis, Arsenis"]
[Result "0-1"]
[WhiteElo "1211"]
[BlackElo "1281"]
[PlyCount "68"]
[EventDate "2013.??.??"]
[EventType "tourn (corr)"]
[EventRounds "5"]
[SourceTitle "Corr 2022"]
[Source "ChessBase"]
[SourceDate "2021.10.24"]
[SourceVersion "1"]
[SourceVersionDate "2021.10.24"]
[SourceQuality "1"]

1. e4 e5 2. Nf3 Nc6 3. Bc4 Nf6 4. Nc3 Bc5 5. 0-0 0-0 6. Na4 Be7 7. Re1 a6 8. Nc3 d6 9. a4 Bg4 10. Be2 Bxf3 11. Bxf3 Re8 12. a5 Nd4 13. d3 c5 14. Nd5 Nxd5 15. exd5 Bg5 16. c3 Bxc1 17. Rxc1 Nxf3+ 18. Qxf3 Qxa5 19. Rb1 b5 20. Qg4 Qc7 21. Rec1 Qb7 22. c4 a5 23. f4 e4 24. dxe4 Rxe4 25. Qf3 Rae8 26. b3 Qa6 27. Qg4 bxc4 28. Qd7 R4e7 29. Qa4 c3 30. Rxc3 Re1+ 31. Kf2 Qf1+ 32. Kg3 R8e3+ 33. Kg4 Qxg2+ 34. Kf5 Qg6# 0-1

[Event "FICGS rapid E 000120 email"]
[Site "FICGS email"]
[Date "2013.12.01"]
[Round "1"]
[White "Mathakiya, Azaz"]
[Black "Belaz, Egidio"]
[Result "1-0"]
[WhiteElo "1068"]
[BlackElo "1211"]
[PlyCount "37"]
[EventDate "2013.??.??"]
[EventType "tourn (rapid)"]
[EventRounds "6"]
[SourceTitle "Corr 2022"]
[Source "ChessBase"]
[SourceDate "2021.10.24"]
[SourceVersion "1"]
[SourceVersionDate "2021.10.24"]
[SourceQuality "1"]

1. e4 c5 2. Nf3 Nc6 3. d4 cxd4 4. Nxd4 Nxd4 5. Qxd4 e6 6. Bc4 Ne7 7. Bh6 f6 8. Be3 Nc6 9. Qd1 Be7 10. Nc3 Bb4 11. Qd2 Ne5 12. Bb3 a5 13. a3 Be7 14. Nd5 exd5 15. Qxd5 Rf8 16. f4 Nc6 17. Qh5+ g6 18. Qxh7 a4 19. Qxg6+ 1-0

[Event "FICGS rapid E 000119 email"]
[Site "FICGS email"]
[Date "2013.11.23"]
[Round "1"]
[White "Belaz, Egidio"]
[Black "Stoyanov, Zdravko"]
[Result "0-1"]
[WhiteElo "1211"]
[BlackElo "1242"]
[PlyCount "68"]
[EventDate "2013.??.??"]
[EventType "tourn (rapid)"]
[EventRounds "6"]
[SourceTitle "Corr 2022"]
[Source "ChessBase"]
[SourceDate "2021.10.24"]
[SourceVersion "1"]
[SourceVersionDate "2021.10.24"]
[SourceQuality "1"]

1. e4 c5 2. Bc4 e6 3. Nf3 a6 4. 0-0 h6 5. a4 b6 6. b3 Nc6 7. Be2 Bb7 8. Nc3 Be7 9. d3 Nf6 10. Re1 0-0 11. Bb2 b5 12. axb5 axb5 13. Rxa8 Qxa8 14. Nxb5 Rc8 15. Nd2 Ba6 16. Nc3 Nd4 17. Na4 Rb8 18. Nc4 Bxc4 19. dxc4 Qxe4 20. Nxc5 Bxc5 21. Bf3 Nxf3+ 22. gxf3 Qg6+ 23. Kf1 d6 24. Bd4 Bb4 25. Re2 d5 26. cxd5 Nxd5 27. c3 Bxc3 28. Rc2 Nf4 29. Rxc3 Qg2+ 30. Ke1 Rd8 31. Rc4 e5 32. Qc1 Nd3+ 33. Kd2 Nxc1 34. Kxc1 exd4 0-1